00759nam a2200229Ia 4500008004100000020001800041050001700059050001800076100001900094245003400113245006400147245001800211260001600229260002400245260000900269300001600278300001100294650005400305650002400359999001900383952012700402180523s9999 xx 000 0 und d a81-261-1778-8 aMAIN HF 1106 b.K86 2004 c.1 aKumar, Mahesh. 0aModern teaching of commerce : 0b[strictly according to the UGC syllabus for B.Ed. Course] / 0cMahesh Kumar. aNew Delhi : bAnmol Publications, c2004 a325 pages : c22 cm. aCommerce -- Study and teaching (Higher) -- India. xBusiness education. c356995d356995 001040aSMCbSMCcMAINd2005-03-07g608.00l0oMAIN HF 1106 .K86 2004 c.1pSMC00543r2018-05-23 00:00:00w2018-05-23yBK